| 000 | 01307nam a2200241Ia 4500 | ||
|---|---|---|---|
| 003 | Ost | ||
| 005 | 20260507074840.0 | ||
| 008 | 260507s9999||||xx |||||||||||||| ||und|| | ||
| 020 | _a9789957982331 | ||
| 040 | _cfsecg | ||
| 041 | _aara | ||
| 082 | _a332.17 | ||
| 100 |
_aخلوفي، وهيبة _eمؤلف |
||
| 245 | 0 |
_aالتحليل الإئتماني / _c وهيبة خلوفي |
|
| 260 |
_aعمان: _bدار الإعصار العلمي للنشر والتوزيع, _c2016 |
||
| 300 |
_a222 صفحة؛ _bإيضاحات ؛ _c25 سم |
||
| 504 | _aببليوغرافيا: ص.218-222 | ||
| 520 | _aيضم مفهوم الإئتمان المصرفي ونشأته، التحليل الإئتماني وعملية منح الإئتمان في المصرف، القروض المصرفية وإجراءات التمويل، أهمية القروض المصرفية وإجراءات منح القروض المصرفية،أشكال التمويل وأنواع الإئتمان وفقا لمدة التمويل، الدور الوقائي لأنظمة التأمين على الودائع، الجوانب الشرعية لبطاقة الإئتمان. | ||
| 653 | _aالإئتمان | ||
| 653 | _aالإئتمان المصرفي | ||
| 653 | _aالإقتصاد التحليلي | ||
| 942 | _cكتاب | ||
| 999 |
_c41514 _d41514 |
||